| 000 | 00433nam a22001457a 4500 | ||
|---|---|---|---|
| 999 |
_c39319 _d39319 |
||
| 020 | _a9789383079322 | ||
| 082 |
_a394.1 _bSAW-G |
||
| 100 | _aSawian, Sumar Sing | ||
| 245 |
_aGolden Vine of Ri-Hynniewtrep _bThe Khasi Heritage/ _cSumar Sing Sawaian |
||
| 260 |
_aGuwahati: _bVivekananda Kendra Institute of Culture, _c2020. |
||
| 300 |
_a100p. _bill. |
||
| 504 | _aIncludes index | ||
| 650 | _aIndic people—Culture | ||
| 942 |
_2ddc _cBK |
||